| 000 | 01021nam a22002537a 4500 | ||
|---|---|---|---|
| 005 | 20100816143517.0 | ||
| 008 | 090601t xxu||||| |||| 00| 0 Ur d | ||
| 010 | _aUR-7750 | ||
| 020 | _c200.00 | ||
| 035 | _aU-6305 | ||
| 040 |
_adpl _bUrdu |
||
| 082 | _a841 | ||
| 100 |
_913525 _aسلطان شطاری |
||
| 245 |
_aسراجا منیرا / _cسلطان شطاری |
||
| 246 |
_aSiraja Munira / _bby Sultan Setari |
||
| 260 |
_aحیدرآبار _c2007 _bبزم کشور |
||
| 270 |
_aFirdos Manjil Malik Pate _bHydrabad _e500024 |
||
| 300 |
_a152 ص _b22 س م (Pbk) |
||
| 700 | _913766 | ||
| 710 |
_aساحل احمد _913526 |
||
| 942 |
_2ddc _cUR _h841 _mس ل ط |
||
| 999 |
_c42157 _d42157 |
||